[Event "IECC P email"]
[Site "IECC email"]
[Date "1999.05.31"]
[Round "?"]
[White "Swedrzynski, Andrzej"]
[Black "Wing, Richard"]
[Result "0-1"]
[WhiteElo "1195"]
[BlackElo "1229"]
[PlyCount "58"]
[EventDate "1999.??.??"]
[EventType "tourn (corr)"]
[EventRounds "6"]
[SourceTitle "Corr 2008"]
[Source "ChessBase"]
[SourceDate "2008.06.24"]
[SourceVersion "1"]
[SourceVersionDate "2008.06.24"]
[SourceQuality "1"]

1. e4 e5 2. Nf3 Nc6 3. Bb5 a6 4. Ba4 b5 5. Bb3 Na5 6. d4 exd4 7. Nxd4 Nxb3 8. Nxb3 d6 9. Nc3 Nf6 10. 0-0 Be7 11. Qf3 0-0 12. e5 Bg4 13. Qg3 dxe5 14. Qxe5 Bd6 15. Qe3 Re8 16. Qd3 b4 17. Na4 Be2 18. Qd4 Bxf1 19. Kxf1 Bxh2 20. g3 Qxd4 21. Nxd4 Re4 22. Nc6 Rae8 23. Kg2 Rc4 24. Na5 Rxc2 25. Kxh2 Rxf2+ 26. Kh3 Ree2 27. Kh4 Rh2+ 28. Kg5 Ref2 29. Nc6 h6# 0-1